| 000 | 00915cam a2200277 a 4500 | ||
|---|---|---|---|
| 001 | 13104507 | ||
| 005 | 20121004121543.0 | ||
| 008 | 030226s2010 maua 001 0 eng | ||
| 010 | _a 2003044560 | ||
| 020 | _a0071323961 | ||
| 020 | _a9780071323963 | ||
| 082 | 0 | 0 |
_a620.105 _222 _bVEC |
| 245 | 0 | 0 |
_aVector Mechanics for Engineers : _pStatics / _cFerdinand P. Beer ... [et al.]. |
| 250 | _a9th ed. | ||
| 260 |
_aBoston : _bMcGraw-Hill Higher Education, _cc2010. |
||
| 300 |
_axxi, 623 p. : _bill. (some col.) ; _c26 cm. + _e CD-ROM (4 3/4 in.) |
||
| 500 | _aIncludes index. | ||
| 650 | 0 |
_aMechanics, Applied. _931068 |
|
| 650 | 0 |
_aVector analysis. _931069 |
|
| 650 | 0 |
_aStatics. _931070 |
|
| 650 | 0 |
_aDynamics. _931071 |
|
| 653 |
_bMec _cOctober2012 |
||
| 700 | 1 |
_aBeer, Ferdinand Pierre, _d1915- _931072 |
|
| 700 | 1 |
_aBeer, Ferdinand Pierre, _d1915- _tVector mechanics for engineers _931073 |
|
| 942 |
_2ddc _cBB |
||
| 999 |
_c17060 _d17032 |
||